000 00665nam a2200277Ia 4500
005 20260324145348.0
008 008 260324s9999 xx 000 0 eng d
020 _a9780429312366
037 _aEBOOK
040 _aCRL
040 _beng
040 _cCRL
041 _2eng
041 _aeng
084 _qCRL
100 _aJoanna Moss
_91222695
245 4 _aThe Lome Conventions And Their Implications For The United States
260 _bTaylor and Francis
260 _c1983
365 _a
365 _b145
856 _uhttp://www.taylorfrancis.com/books/9780429312366
942 _cEBOOK
999 _c1830499
_d1830499